00621nam a2200157 a 450000100100000000500170001000800410002704000250006808200150009310000250010824500670013326000370020030000200023795201890025799900170044600003014820200930060101.0110503s1912 dr 000 0 spa d aDO-SdBNPbspacBNPHU axxxbF414i1 aFerrer, Fidel93502210aIntroducción a la historia de Santo Domingo /cFidel Ferrer. aSanto Domingo :bModerna,c1912. a66 p. ;c20 cm. 00107-18PDaPDbPDcOId2011-05-03iLF1l0oxxx F414ip30148-10r2020-06-25w2020-06-25yLFPDzPerteneció a la biblioteca personal de Federico Henríquez y Carvajal.ZNo se presta c29640d29640